| 000 | 00623nam a22002057a 4500 | ||
|---|---|---|---|
| 005 | 20240221121925.0 | ||
| 010 | _aENG-139389 | ||
| 020 |
_a9789393701114 _c599.00 |
||
| 035 | _aEN-122921 | ||
| 037 | _bDBAD/PUB | ||
| 082 |
_a270.175 _21 |
||
| 100 |
_aSafvi, Rana _962338 |
||
| 245 |
_aIn search of the Divine: _bLiving Histories of Sufism in India/ _cBy Rana Safvi |
||
| 250 | _a1 | ||
| 260 |
_aGurugram _bHachette India _c2022 |
||
| 270 |
_bGurugram _a4th & 5th Floor, Corporate Centre, Plot no-94,Sector-44 _e122003 |
||
| 300 |
_a415p. _c22cm(hbk) |
||
| 500 | _a | ||
| 942 |
_2ddc _cEN _h270.175 _mSAF |
||
| 999 |
_c200956 _d200956 |
||